Lunas de Neptuno. - Estadísticas

Estadísticas generales
  • Esta prueba ha sido intentada 12 veces
  • La puntuación promedio es 3 de 14
Estadísticas de respuestas
En orden de tamaño. Lunas. % Correcto
1 Tritón
100%
3 Nereida
75%
6 Despina
25%
5 Galatea
25%
2 Proteo
25%
11 Sao
25%
7 Talasa
25%
9 Halimede
0%
14 Hippocamp
0%
12 Laomedeia
0%
4 Larisa
0%
8 Náyade
0%
10 Neso
0%
13 Psamathé
0%
No se encontraron pruebas coincidentes
Distribución de puntuación
Porcentaje de gente con cada puntuación
Porcentaje por número respondido
Historial de tus puntuaciones
No has intentado esta prueba.